000 00620nam a2200265Ia 4500
005 20260324152751.0
008 008 260324s9999 xx 000 0 eng d
020 _a9781856178532
037 _aEBOOK
040 _aCRL
040 _beng
040 _cCRL
041 _2eng
041 _aeng
084 _qCRL
100 _aAmado, Luiz
_91229697
245 0 _aReservoir Exploration and Appraisal
260 _bElsevier
260 _c2013
650 _aEnergy
856 _uhttps://www.sciencedirect.com/science/book/9781856178532
942 _cEBOOK
999 _c1840553
_d1840553